[Event "C.to provinciale VA"]
[Site "Gallarate ITA"]
[Date "2010.01.31"]
[Round "6"]
[White "Tomassoni, Leonardo"]
[Black "Cardani, Roberto"]
[Result "0-1"]
[WhiteElo "1937"]
[BlackElo "1965"]
[PlyCount "126"]
[EventDate "2010.01.23"]

1. e4 c5 2. Nf3 d6 3. d4 cxd4 4. Nxd4 Nf6 5. Nc3 a6 6. a4 Nc6 7. Be2 e6 8. O-O
Be7 9. Be3 O-O 10. Kh1 Qc7 11. f4 Bd7 12. Qe1 Nxd4 13. Bxd4 e5 14. Be3 Bc6 15.
fxe5 dxe5 16. Bf3 Bb4 17. Bd2 Rac8 18. Nd5 Bxd2 19. Nxf6+ gxf6 20. Qxd2 Kh8 21.
Qh6 Qe7 22. Bg4 Bxe4 23. Bxc8 Rxc8 24. Rae1 f5 25. c3 Rg8 26. Rf2 Rg6 27. Qd2
Qh4 28. Rxe4 Qxe4 29. Re2 Qc4 30. Rf2 f4 31. Qd8+ Kg7 32. Qd2 Qxa4 33. Qe2 Qa5
34. Qd1 Qc5 35. Rd2 e4 36. Rd4 f3 37. gxf3 Qg5 38. Rd2 exf3 39. Rf2 h5 40. Qd4+
Kh7 41. Qd1 b5 42. Qf1 Qg2+ 43. Rxg2 fxg2+ 44. Qxg2 Rxg2 45. Kxg2 Kg6 46. b3
Kf5 47. Kf3 a5 48. Ke3 Ke5 49. Kd3 Kd5 50. Ke3 Ke5 51. Kd3 f5 52. c4 bxc4+ 53.
Kxc4 f4 54. Kb5 f3 55. Kxa5 f2 56. b4 f1=Q 57. b5 Qa1+ 58. Kb6 Kd6 59. Kb7 Qa5
60. b6 Kc5 61. Kc8 Qxb6 62. h4 Qa7 63. Kd8 Kd6 0-1

[Event "C.to Provinciale VE"]
[Site "Mestre - Venezia ITA"]
[Date "2010.01.29"]
[Round "1"]
[White "Bellon, Antonio"]
[Black "Franceschini, Corrado"]
[Result "0-1"]
[WhiteElo "1446"]
[BlackElo "1788"]
[PlyCount "120"]
[EventDate "2010.01.29"]

1. e4 c5 2. Nf3 d6 3. c3 Nf6 4. d3 Nc6 5. Be3 Ng4 6. Qd2 Nxe3 7. Qxe3 g6 8. d4
cxd4 9. Nxd4 Bg7 10. h3 Qb6 11. Qd2 Nxd4 12. cxd4 Bxd4 13. Nc3 Bd7 14. Nd5 Qxb2
15. Qxb2 Bxb2 16. Rb1 Bd4 17. Nc7+ Kd8 18. Nxa8 Kc8 19. Rc1+ Bc6 20. Bb5 Kd7
21. Bxc6+ bxc6 22. Ke2 Rxa8 23. Rc4 e5 24. Rb1 Rc8 25. Rcb4 Bb6 26. g3 Ke6 27.
a4 f5 28. f3 d5 29. Ra1 fxe4 30. fxe4 Rf8 31. exd5+ cxd5 32. a5 Bd4 33. Rc1
Rf2+ 34. Kd1 Rh2 35. h4 Rg2 36. Rxd4 exd4 37. Rc7 Rxg3 38. Rxh7 Rh3 39. a6 g5
40. Rh6+ Kf5 41. hxg5 Rxh6 42. gxh6 Kg6 43. h7 Kxh7 44. Kd2 Kg6 45. Kd3 Kf6 46.
Kxd4 Ke6 47. Kc5 Ke5 48. Kc6 d4 49. Kb7 d3 50. Kxa7 d2 51. Ka8 d1=Q 52. a7 Kd6
53. Kb7 Qd5+ 54. Kb8 Qb5+ 55. Ka8 Qa6 56. Kb8 Qb6+ 57. Ka8 Qc6+ 58. Kb8 Kd7 59.
a8=N Qc8+ 60. Ka7 Kc6 0-1

[Event "C.to Provinciale VE"]
[Site "Mestre - Venezia ITA"]
[Date "2010.01.29"]
[Round "1"]
[White "Bozzao, Francesco"]
[Black "Rossi, Aldo V."]
[Result "1-0"]
[WhiteElo "1909"]
[BlackElo "1458"]
[PlyCount "93"]
[EventDate "2010.01.29"]

1. e4 c5 2. Nf3 d6 3. d4 cxd4 4. Nxd4 Nf6 5. Nc3 a6 6. Bg5 e6 7. f4 Nbd7 8. Qf3
Qc7 9. O-O-O b5 10. Bd3 Bb7 11. Rhe1 Be7 12. Qg3 O-O-O 13. Bxb5 Nh5 14. Bxd7+
Qxd7 15. Qg4 Bxg5 16. Qxg5 g6 17. f5 h6 18. Qh4 Ng7 19. fxg6 fxg6 20. Qf6 Nh5
21. Qxe6 Nf4 22. Qxd7+ Rxd7 23. g3 Nh5 24. Nd5 Kb8 25. b3 Rf8 26. Rd2 Ng7 27.
c4 Rdf7 28. Ree2 Ka7 29. Kb2 Rc8 30. Rf2 Rcf8 31. Rxf7 Rxf7 32. Re2 Kb8 33. Nf4
Rf6 34. e5 dxe5 35. Rxe5 Rd6 36. Kc3 g5 37. Nfe6 Nxe6 38. Rxe6 Rxe6 39. Nxe6
Bc8 40. Nc5 Kc7 41. b4 Kc6 42. Kd4 Kd6 43. a4 h5 44. b5 axb5 45. axb5 h4 46.
Ne4+ Ke6 47. Nxg5+ 1-0

[Event "C.to Provinciale VE"]
[Site "Mestre - Venezia ITA"]
[Date "2010.01.29"]
[Round "1"]
[White "Buranelli, Matteo"]
[Black "Zamengo, Bruno"]
[Result "0-1"]
[WhiteElo "1473"]
[BlackElo "1850"]
[PlyCount "60"]
[EventDate "2010.01.29"]

1. e4 e6 2. d4 d5 3. e5 c5 4. c3 Qb6 5. a3 Nc6 6. Nf3 c4 7. Be2 Bd7 8. O-O f6
9. a4 O-O-O 10. Na3 a6 11. Nc2 Nge7 12. Ra2 Na5 13. Na1 Nec6 14. Bf4 h6 15. Qd2
g5 16. Bg3 f5 17. h3 Be7 18. Rb1 Nb3 19. Nxb3 cxb3 20. Raa1 Na5 21. Ne1 Rdg8
22. Nd3 Nc4 23. Qc1 h5 24. Nc5 Bxc5 25. dxc5 Qxc5 26. Bxc4 Qxc4 27. a5 h4 28.
Bh2 g4 29. g3 gxh3 30. Qd2 Qe4 0-1

[Event "C.to Provinciale VE"]
[Site "Mestre - Venezia ITA"]
[Date "2010.01.29"]
[Round "1"]
[White "Cedriano, Filippo"]
[Black "Pasqualetto, Lorenzo"]
[Result "1-0"]
[WhiteElo "2019"]
[BlackElo "1518"]
[PlyCount "69"]
[EventDate "2010.01.29"]

1. e4 c5 2. Nf3 d6 3. d4 cxd4 4. Nxd4 Nf6 5. Nc3 a6 6. a4 e6 7. Be2 Be7 8. O-O
Qc7 9. Be3 Nc6 10. Nb3 O-O 11. a5 Nd7 12. Na4 Nc5 13. Naxc5 dxc5 14. Qe1 Nb4
15. Qc3 Bf6 16. Qxc5 Nc6 17. c3 Be5 18. f4 Bd6 19. Qb6 Qe7 20. e5 Bc7 21. Qc5
Qxc5 22. Bxc5 Rd8 23. Bb6 Bxb6+ 24. axb6 f6 25. exf6 gxf6 26. Rad1 Rxd1 27.
Rxd1 Ne7 28. Bc4 Nf5 29. Kf2 a5 30. Nc5 Kf7 31. g4 Nh6 32. h3 Ke7 33. Nxe6 Bd7
34. Nc7 Rf8 35. Rd5 1-0

[Event "C.to Provinciale VE"]
[Site "Mestre - Venezia ITA"]
[Date "2010.01.29"]
[Round "1"]
[White "Pomponio, Stefano"]
[Black "Bordin, Renato"]
[Result "0-1"]
[WhiteElo "1308"]
[BlackElo "1566"]
[PlyCount "78"]
[EventDate "2010.01.29"]

1. Nf3 f5 2. d4 Nf6 3. Bf4 b6 4. e3 Bb7 5. c4 e6 6. Nbd2 Be7 7. Bd3 O-O 8. Qc2
d5 9. O-O Nbd7 10. Ne5 Rc8 11. h3 c5 12. Qd1 cxd4 13. exd4 Nxe5 14. dxe5 Ne4
15. Rc1 Bg5 16. Bxg5 Nxg5 17. f4 Ne4 18. Nxe4 fxe4 19. Be2 d4 20. Bg4 Qd7 21.
Qd2 g6 22. h4 h5 23. Bh3 d3 24. Rf2 Kf7 25. g4 Rfd8 26. gxh5 gxh5 27. f5 Qd4
28. fxe6+ Ke8 29. Qd1 Qxe5 30. e7 Qg3+ 31. Bg2 Kxe7 32. Qxh5 Rf8 33. Rxf8 Rxf8
34. Qh7+ Rf7 35. Qh5 e3 36. Qg5+ Qxg5 37. hxg5 Bxg2 38. Kxg2 d2 39. Rd1 e2 0-1

[Event "C.to Provinciale VE"]
[Site "Mestre - Venezia ITA"]
[Date "2010.01.29"]
[Round "1"]
[White "Roiatti, Noris"]
[Black "Boscolo, Marco"]
[Result "0-1"]
[WhiteElo "1527"]
[BlackElo "2129"]
[PlyCount "96"]
[EventDate "2010.01.29"]

1. e4 Nf6 2. Nc3 Nc6 3. Nf3 e5 4. d4 exd4 5. Nxd4 Bb4 6. Nxc6 bxc6 7. Bd3 d5 8.
Bd2 O-O 9. O-O Bg4 10. Qe1 Rb8 11. b3 Re8 12. e5 Bc5 13. Na4 Bd4 14. Bc3 c5 15.
Bxd4 cxd4 16. f3 Bd7 17. Qh4 Rxe5 18. Nc5 h6 19. Qxd4 Re7 20. Rfe1 c6 21. Re2
Rxe2 22. Bxe2 Bf5 23. Bd3 Bxd3 24. Nxd3 Qb6 25. Qc5 Nd7 26. Qxb6 axb6 27. Re1
Kf8 28. Ne5 Nxe5 29. Rxe5 b5 30. Kf2 Ra8 31. a4 bxa4 32. bxa4 Rxa4 33. Ke3 Ra8
34. Kd4 Re8 35. Rxe8+ Kxe8 36. Kc5 Kd7 37. h4 g6 38. f4 h5 39. g3 Kc7 40. c4
dxc4 41. Kxc4 Kd6 42. Kd3 c5 43. Kc4 Kc6 44. Kc3 Kd5 45. Kd3 f5 46. Ke3 Kc4 47.
Kd2 Kb3 48. Kc1 Kc3 0-1

[Event "C.to Provinciale VE"]
[Site "Mestre - Venezia ITA"]
[Date "2010.01.29"]
[Round "1"]
[White "Viviani, Bruno"]
[Black "Greco, Alvise"]
[Result "1-0"]
[WhiteElo "1621"]
[BlackElo "1407"]
[PlyCount "39"]
[EventDate "2010.01.29"]

1. d4 Nf6 2. Nc3 e6 3. e4 Bb4 4. e5 Nd5 5. Qg4 g6 6. Bd2 d6 7. a3 Bxc3 8. bxc3
c5 9. c4 Nb6 10. Bg5 Qc7 11. exd6 Qxd6 12. Rd1 O-O 13. Qh4 Re8 14. Nf3 Nc6 15.
Bf6 Nd7 16. dxc5 Qf8 17. Bc3 Qxc5 18. Ng5 Nf8 19. Ne4 g5 20. Qh6 1-0

[Event "C.to Provinciale VE"]
[Site "Mestre - Venezia ITA"]
[Date "2010.01.30"]
[Round "2"]
[White "Bordin, Renato"]
[Black "Civitareale, Alberto"]
[Result "0-1"]
[WhiteElo "1566"]
[BlackElo "1607"]
[PlyCount "108"]
[EventDate "2010.01.29"]

1. d4 d5 2. c4 e6 3. Nf3 Nf6 4. Nc3 Be7 5. Bf4 a6 6. Qc2 O-O 7. e3 c5 8. Bd3
dxc4 9. Bxc4 b5 10. Be2 Nbd7 11. O-O Bb7 12. Rfd1 Qb6 13. Ng5 h6 14. Nge4 Bc6
15. Bf3 b4 16. Nxf6+ Nxf6 17. Ne4 Nxe4 18. Bxe4 f5 19. Bxc6 Qxc6 20. Qc4 Rfd8
21. Rac1 Qd5 22. Qxd5 Rxd5 23. Rc4 cxd4 24. Rdxd4 Rad8 25. Rc6 Rxd4 26. exd4
Rxd4 27. Kf1 Rxf4 28. Rxe6 Bf6 29. b3 a5 30. Re8+ Kf7 31. Ra8 Re4 32. Rxa5 g6
33. f3 Re7 34. a4 bxa3 35. Rxa3 Bc3 36. Ra6 Rb7 37. f4 h5 38. Ke2 Rxb3 39. Ra7+
Kg8 40. h3 Bd4 41. Re7 Bf6 42. Rd7 Bh4 43. Rd6 Kh7 44. Rd7+ Kh6 45. Kf1 Rb4 46.
g4 Rxf4+ 47. Kg2 hxg4 48. hxg4 Rxg4+ 49. Kh3 Bf2 50. Rb7 Kg5 51. Kh2 Kf4 52.
Kh3 Kf3 53. Rb3+ Be3 54. Kh2 Rh4# 0-1

[Event "C.to Provinciale VE"]
[Site "Mestre - Venezia ITA"]
[Date "2010.01.30"]
[Round "2"]
[White "Boscolo, Marco"]
[Black "Zanetto, Marco"]
[Result "1-0"]
[WhiteElo "2129"]
[BlackElo "1835"]
[PlyCount "87"]
[EventDate "2010.01.29"]

1. e4 e5 2. Nf3 Nc6 3. Bb5 a6 4. Ba4 Nf6 5. O-O Nxe4 6. d4 b5 7. Bb3 d5 8. dxe5
Be6 9. Nbd2 Nc5 10. c3 d4 11. cxd4 Nxd4 12. Nxd4 Qxd4 13. Qf3 Rd8 14. Bxe6 Nxe6
15. Qc6+ Rd7 16. Qxa6 Qxe5 17. Nf3 Qd5 18. Be3 Be7 19. a4 bxa4 20. Qxa4 Bd6 21.
Rad1 Qf5 22. Rfe1 Ke7 23. Nd4 Qh5 24. g3 Rc8 25. Nxe6 fxe6 26. Bf4 Rcd8 27. Qe4
Qg6 28. Qxg6 hxg6 29. Bg5+ Kf7 30. Bxd8 Rxd8 31. Re2 Re8 32. Kg2 Kf6 33. Rd3 g5
34. Re4 Rb8 35. b3 Re8 36. Rf3+ Kg6 37. b4 Re7 38. b5 Re8 39. Rc4 Be5 40. Rb3
Kf6 41. Rc6 Re7 42. Ra3 Rd7 43. Raa6 Rd6 44. Rxd6 1-0

[Event "C.to Provinciale VE"]
[Site "Mestre - Venezia ITA"]
[Date "2010.01.30"]
[Round "2"]
[White "Franceschini, Corrado"]
[Black "Bozzao, Francesco"]
[Result "1/2-1/2"]
[WhiteElo "1788"]
[BlackElo "1909"]
[PlyCount "42"]
[EventDate "2010.01.29"]

1. e4 c5 2. Nf3 d6 3. d4 cxd4 4. Nxd4 Nf6 5. Nc3 e6 6. Bg5 Nc6 7. Qd2 Bd7 8.
O-O-O h6 9. Bxf6 gxf6 10. Ndb5 Qb6 11. Na4 Qa5 12. Nac3 a6 13. Nxd6+ Bxd6 14.
Qxd6 Rd8 15. Qf4 Qg5 16. Ne2 Ne5 17. f3 Rc8 18. Qd2 Nc4 19. Qxg5 fxg5 20. Rd3
Ke7 21. Rc3 Ne5 1/2-1/2

[Event "C.to Provinciale VE"]
[Site "Mestre - Venezia ITA"]
[Date "2010.01.30"]
[Round "2"]
[White "Rossi, Aldo V."]
[Black "Pomponio, Stefano"]
[Result "1/2-1/2"]
[WhiteElo "1458"]
[BlackElo "1308"]
[PlyCount "122"]
[EventDate "2010.01.29"]

1. c4 e5 2. Nc3 Nc6 3. Nf3 Nf6 4. e3 d6 5. Be2 e4 6. Ng5 Bf5 7. d3 exd3 8. Bxd3
Bxd3 9. Qxd3 Ne5 10. Qc2 c6 11. b3 h6 12. Nge4 Be7 13. O-O Qc7 14. Nxf6+ Bxf6
15. Bb2 Ng6 16. Rac1 O-O 17. Ne4 Bxb2 18. Qxb2 Ne5 19. Qc3 f5 20. Ng3 g6 21. f4
Ng4 22. h3 Nf6 23. Rfe1 Rad8 24. e4 fxe4 25. Nxe4 Nxe4 26. Rxe4 Rf7 27. Rce1
Rdf8 28. Re8 Qd7 29. Qe3 Rxe8 30. Qxe8+ Qxe8 31. Rxe8+ Kg7 32. g3 Rd7 33. Kf2
Kf6 34. Kf3 d5 35. cxd5 Rxd5 36. Re2 b5 37. g4 a5 38. h4 Rd3+ 39. Ke4 Rd5 40.
g5+ hxg5 41. fxg5+ Kf7 42. Rf2+ Kg7 43. Rf6 Rc5 44. Rd6 a4 45. Rd2 axb3 46.
axb3 Kf8 47. Rd3 Ke7 48. b4 Rc4+ 49. Rd4 Rxd4+ 50. Kxd4 Ke6 51. Kc5 Kd7 52. Kd4
Kd6 53. Kd3 Ke5 54. Ke3 Kd5 55. Kd3 c5 56. bxc5 b4 57. c6 Kxc6 58. Kc4 b3 59.
Kxb3 Kd6 60. Kc3 Ke5 61. Kd3 Kf4 1/2-1/2

[Event "C.to Provinciale VE"]
[Site "Mestre - Venezia ITA"]
[Date "2010.01.30"]
[Round "2"]
[White "Zamengo, Bruno"]
[Black "Cedriano, Filippo"]
[Result "1-0"]
[WhiteElo "1850"]
[BlackElo "2019"]
[PlyCount "45"]
[EventDate "2010.01.29"]

1. e4 c5 2. Nf3 a6 3. c4 g6 4. d4 Bg7 5. dxc5 Nf6 6. Nc3 Qa5 7. Bd3 Ng4 8. O-O
Qxc5 9. h3 h5 10. Nd5 e6 11. b4 Qc6 12. hxg4 hxg4 13. b5 Qd6 14. Bf4 e5 15. c5
Qf8 16. Nxe5 g5 17. Bg3 Kd8 18. b6 Nc6 19. Nxg4 Be5 20. Nxe5 Nxe5 21. Bxe5 Rh7
22. Bf6+ Ke8 23. Nc7# 1-0

[Event "C.to Provinciale VE"]
[Site "Mestre - Venezia ITA"]
[Date "2010.01.30"]
[Round "2"]
[White "Zamengo, Fulvio"]
[Black "Viviani, Bruno"]
[Result "1-0"]
[WhiteElo "1926"]
[BlackElo "1621"]
[PlyCount "103"]
[EventDate "2010.01.29"]

1. e4 c6 2. d4 d5 3. Nc3 dxe4 4. Nxe4 Bf5 5. Ng3 Bg6 6. h4 h6 7. Nf3 Nd7 8. h5
Bh7 9. Bd3 Bxd3 10. Qxd3 Ngf6 11. Bf4 Qa5+ 12. c3 e6 13. Nd2 Nd5 14. Be5 Nxe5
15. dxe5 O-O-O 16. Nc4 Nf4 17. Nxa5 Nxd3+ 18. Ke2 Nxe5 19. Rh4 Be7 20. Re4 Rd5
21. b4 Rhd8 22. Kf1 Bf6 23. Nb3 Rd1+ 24. Rxd1 Rxd1+ 25. Ke2 Rd3 26. f4 Rxg3 27.
fxe5 Be7 28. Rf4 f6 29. Kf2 Rxc3 30. Rg4 Rc2+ 31. Kf3 Rxa2 32. Rxg7 Ra3 33.
Rxe7 Rxb3+ 34. Kf2 Rxb4 35. Rxe6 fxe5 36. Rxh6 Rf4+ 37. Ke2 Rg4 38. Kf3 Rf4+
39. Ke2 a5 40. Rh8+ Kc7 41. g3 Rf7 42. h6 a4 43. g4 a3 44. g5 b5 45. g6 Rf6 46.
g7 a2 47. Ra8 Rg6 48. h7 Rxg7 49. h8=Q Rg2+ 50. Kf3 Rc2 51. Qxe5+ Kb7 52. Qb8#
1-0

[Event "C.to Provinciale VE"]
[Site "Mestre - Venezia ITA"]
[Date "2010.01.30"]
[Round "3"]
[White "Bozzao, Francesco"]
[Black "Zamengo, Bruno"]
[Result "1-0"]
[WhiteElo "1909"]
[BlackElo "1850"]
[PlyCount "57"]
[EventDate "2010.01.29"]

1. e4 e6 2. d4 d5 3. Nd2 c5 4. exd5 exd5 5. dxc5 Nc6 6. Nb3 Bf5 7. c3 Nf6 8.
Nf3 Ne4 9. Bd3 Qd7 10. Be3 h6 11. O-O Nd8 12. Qe2 Ne6 13. Bb5 O-O-O 14. Bxd7+
Rxd7 15. Nfd4 Bg6 16. Nxe6 fxe6 17. Bd4 Rg8 18. f3 Ng5 19. h4 Nh7 20. Qxe6 Bf7
21. Qf5 g6 22. Qc2 Be7 23. h5 Nf8 24. c6 bxc6 25. Bc5 Bd8 26. Nd4 gxh5 27. Nxc6
Bg6 28. Qb3 Rb7 29. Qxd5 1-0

[Event "C.to Provinciale VE"]
[Site "Mestre - Venezia ITA"]
[Date "2010.01.30"]
[Round "3"]
[White "Buranelli, Matteo"]
[Black "Rossi, Aldo V."]
[Result "1-0"]
[WhiteElo "1473"]
[BlackElo "1458"]
[PlyCount "137"]
[EventDate "2010.01.29"]

1. e4 c5 2. Nc3 a6 3. f4 e6 4. Nf3 d6 5. Be2 Nd7 6. O-O Be7 7. d3 b5 8. Nb1 Bb7
9. Be3 Ngf6 10. Kh1 Qc7 11. Nbd2 a5 12. b3 O-O 13. c4 b4 14. Qc2 Rfe8 15. h3 d5
16. e5 Nh5 17. Kh2 g6 18. g4 Ng7 19. Bf2 f6 20. Bg3 fxe5 21. fxe5 Rf8 22. Rf2
d4 23. Raf1 Bc6 24. Qd1 a4 25. Qe1 axb3 26. axb3 Bxf3 27. Nxf3 Nb8 28. Bd1 Nc6
29. Qe4 Ra3 30. Nh4 Rxf2+ 31. Rxf2 Bxh4 32. Bxh4 Qxe5+ 33. Qxe5 Nxe5 34. Be7
Nd7 35. Bf3 Ra6 36. Bb7 Ra7 37. Bc6 h6 38. Bxd7 Rxd7 39. Bxc5 e5 40. Rf8+ Kh7
41. Rc8 Ne6 42. Bxb4 Nf4 43. Re8 Nxd3 44. Re7+ Rxe7 45. Bxe7 e4 46. Bf6 Nc5 47.
Bxd4 Nxb3 48. Be3 Kg7 49. c5 Na5 50. Kg3 g5 51. h4 Kg6 52. h5+ Kf7 53. Kf2 Nc6
54. Kg3 Ke6 55. Bc1 Kd5 56. Bb2 Ne7 57. Kf2 Ng8 58. Ke3 Ne7 59. Bg7 Ng8 60. c6
Kxc6 61. Kxe4 Kd6 62. Kf5 Ke7 63. Kg6 Ke6 64. Bxh6 Nxh6 65. Kxh6 Kf6 66. Kh7
Kf7 67. h6 Kf8 68. Kg6 Kg8 69. Kxg5 1-0

[Event "C.to Provinciale VE"]
[Site "Mestre - Venezia ITA"]
[Date "2010.01.30"]
[Round "3"]
[White "Cedriano, Filippo"]
[Black "Franceschini, Corrado"]
[Result "1/2-1/2"]
[WhiteElo "2019"]
[BlackElo "1788"]
[PlyCount "120"]
[EventDate "2010.01.29"]

1. e4 c5 2. Nf3 d6 3. d4 cxd4 4. Nxd4 Nf6 5. Nc3 a6 6. a4 e6 7. Be2 Nc6 8. O-O
d5 9. exd5 exd5 10. Bf3 Be7 11. Bg5 O-O 12. Re1 Nxd4 13. Qxd4 Be6 14. Rad1 Rc8
15. Be3 Bc5 16. Qd3 Bxe3 17. Qxe3 Qc7 18. Rd2 Rfd8 19. Red1 Ng4 20. Bxg4 Bxg4
21. f3 Be6 22. Ne2 Qc5 23. Qxc5 Rxc5 24. Nf4 Kf8 25. c3 Ke7 26. Kf2 a5 27. Ke3
b5 28. Rd4 bxa4 29. Rxa4 Rb8 30. Nd3 Rcb5 31. Rda1 Bf5 32. Rxa5 Bxd3 33. Kxd3
Rxb2 34. Rxd5 Rxg2 35. Re1+ Kf8 36. h4 Rg3 37. Re3 h6 38. Kc4 Re8 39. Red3 g5
40. hxg5 hxg5 41. Kb4 Kg7 42. c4 f6 43. c5 Rg1 44. c6 Rc1 45. Rc3 Rxc3 46. Kxc3
Rc8 47. Rd6 f5 48. Kd4 g4 49. fxg4 fxg4 50. Kc5 Kf7 51. Kb6 Ke7 52. Rd1 Kf6 53.
c7 Kf5 54. Rd8 Rxc7 55. Kxc7 g3 56. Kd6 Kf4 57. Rg8 Kf3 58. Ke5 g2 59. Rf8+ Ke2
60. Rg8 Kf2 1/2-1/2

[Event "C.to Provinciale VE"]
[Site "Mestre - Venezia ITA"]
[Date "2010.01.30"]
[Round "3"]
[White "Pomponio, Stefano"]
[Black "Pasqualetto, Lorenzo"]
[Result "0-1"]
[WhiteElo "1308"]
[BlackElo "1518"]
[PlyCount "154"]
[EventDate "2010.01.29"]

1. Nf3 d5 2. d4 Nf6 3. Bf4 e6 4. e3 c5 5. Bb5+ Bd7 6. Bxd7+ Qxd7 7. O-O Nc6 8.
Nc3 Bd6 9. Ne5 Bxe5 10. Bxe5 Nxe5 11. dxe5 Ng8 12. Qg4 f5 13. Qa4 Ne7 14. Qxd7+
Kxd7 15. f4 Nc6 16. a3 Ke7 17. Rad1 Na5 18. b3 c4 19. b4 Nc6 20. Nb5 a5 21. c3
axb4 22. axb4 Na7 23. Nd6 b5 24. Ra1 Nc6 25. Nxb5 g5 26. Nd4 Nxd4 27. exd4 gxf4
28. Rxa8 Rxa8 29. Rxf4 Ra3 30. Rf3 Kf7 31. g4 Kg6 32. gxf5+ exf5 33. e6 Kf6 34.
e7 Ra8 35. Re3 Re8 36. Re5 Rxe7 37. Rxd5 Re3 38. b5 Rxc3 39. b6 Rb3 40. Rd6+
Kg5 41. Rc6 c3 42. b7 Rxb7 43. Rxc3 Kf4 44. Rc2 Ke4 45. Rd2 Rd7 46. Re2+ Kd3
47. Re5 Rf7 48. d5 Kd4 49. Re2 Kxd5 50. Kf2 Rc7 51. Rd2+ Ke4 52. Re2+ Kf4 53.
Rd2 Rc3 54. Rd4+ Kg5 55. h4+ Kh5 56. Rb4 Kg6 57. Kg2 Kf6 58. Rd4 Re3 59. Rd6+
Re6 60. Rd7 Re7 61. Rd6+ Ke5 62. Rd2 Rg7+ 63. Kf3 Rg4 64. Re2+ Kf6 65. Rh2 Kg6
66. Rh3 Kh5 67. Rg3 Kxh4 68. Rxg4+ fxg4+ 69. Kg2 g3 70. Kh1 h5 71. Kg2 Kg4 72.
Kh1 h4 73. Kg2 h3+ 74. Kh1 g2+ 75. Kh2 Kf3 76. Kg1 h2+ 77. Kxh2 Kf2 0-1

[Event "C.to Provinciale VE"]
[Site "Mestre - Venezia ITA"]
[Date "2010.01.30"]
[Round "3"]
[White "Zamengo, Fulvio"]
[Black "Boscolo, Marco"]
[Result "0-1"]
[WhiteElo "1926"]
[BlackElo "2129"]
[PlyCount "130"]
[EventDate "2010.01.29"]

1. e4 e5 2. Nf3 Nc6 3. Bb5 a6 4. Ba4 Nf6 5. O-O Be7 6. Re1 b5 7. Bb3 d6 8. c3
O-O 9. d4 Bg4 10. Qd3 Bxf3 11. gxf3 Na5 12. Nd2 c5 13. dxc5 dxc5 14. Qxd8 Raxd8
15. Nf1 h6 16. Be3 Rd7 17. Red1 Rfd8 18. Rxd7 Rxd7 19. Ng3 Bf8 20. Kf1 g6 21.
Ke1 Kg7 22. Rd1 c4 23. Bc2 Nb7 24. Rxd7 Nxd7 25. Ne2 Bc5 26. Nc1 Bxe3 27. fxe3
Kf6 28. Ne2 Nbc5 29. Kd2 Ke7 30. Ng1 Nf6 31. Ke2 Kd6 32. Kd2 Kc6 33. Ne2 Kd6
34. Ng1 Nh5 35. Ke2 Ne6 36. Nh3 Ng5 37. Nf2 Nf6 38. Bb1 Ne6 39. Bc2 h5 40. Bd1
Nd7 41. Bc2 Nb6 42. Kd2 Ke7 43. Ke2 Nc5 44. Kd2 a5 45. a3 Ke6 46. Ke2 Nba4 47.
Nd1 Nb6 48. Nf2 Kf6 49. Nd1 Kg5 50. Nf2 Nba4 51. Nd1 Kh4 52. Kf2 g5 53. Kg2 Nd3
54. Bxd3 cxd3 55. Kf1 Nc5 56. Nf2 a4 57. Ke1 g4 58. fxg4 hxg4 59. Kd2 f6 60.
Kd1 g3 61. hxg3+ Kxg3 62. Ke1 Kf3 63. Nh1 Kxe3 64. Kd1 Kxe4 65. Ke1 Ke3 0-1

[Event "C.to Provinciale VE"]
[Site "Mestre - Venezia ITA"]
[Date "2010.01.30"]
[Round "3"]
[White "Zanetto, Marco"]
[Black "Bordin, Renato"]
[Result "1-0"]
[WhiteElo "1835"]
[BlackElo "1566"]
[PlyCount "59"]
[EventDate "2010.01.29"]

1. f4 d5 2. d4 Bf5 3. Nf3 e6 4. e3 Nf6 5. Be2 Be7 6. O-O O-O 7. Nbd2 Nc6 8. c3
Ng4 9. Nb3 Bh4 10. h3 Nh6 11. Nc5 Qf6 12. Nd7 Qd8 13. Nxf8 Kxf8 14. Nxh4 Qxh4
15. Qe1 Qf6 16. Kh2 Be4 17. Bf3 Bc2 18. e4 Re8 19. Qe2 dxe4 20. Bxe4 Bxe4 21.
Qxe4 Qh4 22. Qf3 Nf5 23. Be3 Nce7 24. Bf2 Qh6 25. Qxb7 Qxf4+ 26. Kg1 Nd5 27.
Rae1 e5 28. Qxd5 e4 29. Qc5+ Kg8 30. Be3 1-0

[Event "C.to Provinciale VE"]
[Site "Mestre - Venezia ITA"]
[Date "2010.01.31"]
[Round "4"]
[White "Bellon, Antonio"]
[Black "Civitareale, Alberto"]
[Result "0-1"]
[WhiteElo "1446"]
[BlackElo "1607"]
[PlyCount "88"]
[EventDate "2010.01.29"]

1. e4 e5 2. Nf3 Nc6 3. Bc4 Bc5 4. c3 Nf6 5. d4 exd4 6. cxd4 Bb4+ 7. Nc3 Nxe4 8.
O-O Nxc3 9. bxc3 d5 10. Bxd5 Qxd5 11. cxb4 O-O 12. Re1 Bg4 13. Bb2 Bxf3 14.
Qxf3 Qxf3 15. gxf3 Nxb4 16. Re7 Nd5 17. Re5 Rad8 18. Rae1 f6 19. Re6 Kf7 20.
Ba3 Rfe8 21. Rxe8 Rxe8 22. Rxe8 Kxe8 23. Bb2 Kd7 24. Kf1 Ke6 25. Ke2 Kf5 26.
Kf1 Nf4 27. Bc1 g5 28. a4 Ke6 29. Bxf4 gxf4 30. Ke2 Kd5 31. Kd3 a6 32. Kc3 h6
33. h3 h5 34. h4 a5 35. Kd3 c6 36. Kc3 b5 37. axb5 cxb5 38. Kd3 b4 39. Kc2 Kxd4
40. Kb3 Kd3 41. Kb2 a4 42. Kb1 Kc3 43. Kc1 b3 44. Kb1 b2 0-1

[Event "C.to Provinciale VE"]
[Site "Mestre - Venezia ITA"]
[Date "2010.01.31"]
[Round "4"]
[White "Bordin, Renato"]
[Black "Viviani, Bruno"]
[Result "1-0"]
[WhiteElo "1566"]
[BlackElo "1621"]
[PlyCount "58"]
[EventDate "2010.01.29"]

1. d4 Nf6 2. Bg5 Ne4 3. Nf3 c6 4. c4 Nxg5 5. Nxg5 Qa5+ 6. Qd2 Qxd2+ 7. Nxd2 d5
8. cxd5 cxd5 9. e4 e6 10. Rc1 Nc6 11. Bb5 Bd7 12. exd5 exd5 13. O-O f6 14.
Rfe1+ Be7 15. Ne6 Kf7 16. Nc7 Bb4 17. Rcd1 Rad8 18. Nxd5 Bg4 19. Nxb4 Nxb4 20.
Bc4+ Nd5 21. f3 Be6 22. Nb3 Nc7 23. Bxe6+ Nxe6 24. d5 Nf4 25. Rd4 g5 26. g3
Rxd5 27. gxf4 Rhd8 28. Rxd5 Rxd5 29. fxg5 fxg5 1-0

[Event "C.to Provinciale VE"]
[Site "Mestre - Venezia ITA"]
[Date "2010.01.31"]
[Round "4"]
[White "Franceschini, Corrado"]
[Black "Buranelli, Matteo"]
[Result "1/2-1/2"]
[WhiteElo "1788"]
[BlackElo "1473"]
[PlyCount "72"]
[EventDate "2010.01.29"]

1. e4 e5 2. Nf3 Nc6 3. Bb5 Nf6 4. Bxc6 dxc6 5. d3 Bd6 6. O-O Bg4 7. Nbd2 b5 8.
b3 O-O 9. Bb2 c5 10. h3 Bxf3 11. Qxf3 Qe7 12. Rfe1 g6 13. g4 h5 14. Qg3 hxg4
15. hxg4 Qe6 16. f3 Kg7 17. Kg2 Rh8 18. Rh1 Rag8 19. Rxh8 Rxh8 20. a4 a6 21.
axb5 axb5 22. Rh1 Rxh1 23. Kxh1 Nh7 24. f4 f6 25. f5 Qf7 26. Kg2 gxf5 27. gxf5+
Ng5 28. Nf3 Qh5 29. Bc1 Qxf3+ 30. Qxf3 Nxf3 31. Kxf3 b4 32. Bd2 Kh7 33. Be3 Bf8
34. Ke2 Kg7 35. Kd2 Kf7 36. c3 Bd6 1/2-1/2

[Event "C.to Provinciale VE"]
[Site "Mestre - Venezia ITA"]
[Date "2010.01.31"]
[Round "4"]
[White "Roiatti, Noris"]
[Black "Zamengo, Fulvio"]
[Result "1/2-1/2"]
[WhiteElo "1527"]
[BlackElo "1926"]
[PlyCount "122"]
[EventDate "2010.01.29"]

1. e4 e6 2. b3 c5 3. Nf3 Nc6 4. Bb2 d5 5. exd5 exd5 6. Bb5 f6 7. d4 Bd6 8. O-O
Nge7 9. dxc5 Bxc5 10. Nd4 O-O 11. c4 a6 12. Bxc6 Nxc6 13. cxd5 Qxd5 14. Nxc6
Qxc6 15. Ba3 Bxa3 16. Nxa3 b5 17. Rc1 Qb6 18. Qd5+ Be6 19. Rc6 Bxd5 20. Rxb6
Rfd8 21. Nc2 Kf7 22. Nb4 Be6 23. Nxa6 Bf5 24. Nb4 Bd7 25. f3 Be8 26. Rc1 Rd4
27. Na6 Rd2 28. Ra1 Rc8 29. Rb7+ Kg6 30. Rc7 Rcd8 31. Nb4 R8d6 32. Re7 Bf7 33.
Rc7 Re6 34. Rc2 Rd4 35. Nc6 Rdd6 36. Na7 Ra6 37. Nxb5 Reb6 38. Nd4 Rb4 39. Nc6
Rbb6 40. Ne7+ Kh6 41. Nf5+ Kg6 42. Nd4 Bxb3 43. Nxb3 Rxb3 44. axb3 Rxa1+ 45.
Kf2 Rb1 46. Rc3 Kf5 47. Ke3 Rb2 48. g4+ Kg5 49. h3 h5 50. Rc5+ Kg6 51. gxh5+
Kh7 52. Rb5 Rh2 53. b4 Rxh3 54. Rf5 Rh4 55. f4 g5 56. hxg6+ Kxg6 57. Ke4 Rh1
58. Rb5 Re1+ 59. Kd3 Rf1 60. f5+ Rxf5 61. Rxf5 Kxf5 1/2-1/2